Compendio de derecho civil
Сохранить в:
| Главный автор: | |
|---|---|
| Формат: | |
| Язык: | испанский |
| Опубликовано: |
Barcelona
Bosch
1976
|
| Редактирование: | 3a. ed |
| Предметы: | |
| Метки: |
Добавить метку
Нет меток, Требуется 1-ая метка записи!
|
MARC
| LEADER | 00000nam a2200000 a 4500 | ||
|---|---|---|---|
| 001 | UCM6328 | ||
| 003 | CL-VaPUC | ||
| 008 | 021108e19760000SP |||||||||||||||||spa|d | ||
| 082 | 0 | 4 | |a 346.46 |b ALB |2 21 |
| 100 | 0 | |a Albaladejo García, Manuel |e author |9 472107 | |
| 245 | 1 | 0 | |a Compendio de derecho civil |
| 250 | |a 3a. ed | ||
| 300 | |a 620 p | ||
| 942 | |c BK | ||
| 945 | |d 20021108 00:00:00 |a vberengu | ||
| 260 | |a Barcelona |b Bosch |c 1976 | ||
| 650 | 0 | |a Derecho civil |9 255013 | |
| 650 | 0 | |a Código civil |9 256135 | |
| 650 | 0 | |a Derecho civil español |9 390729 | |
| 650 | 7 | |a PERSONA |2 CL-VaPUC |9 327934 | |
| 650 | 0 | |a Relación jurídica |9 381220 | |
| 650 | 7 | |a HECHOS JURIDICOS |2 CL-VaPUC |9 454595 | |
| 650 | 0 | |a Obligaciones |9 255578 | |
| 650 | 0 | |a Bienes |9 255749 | |
| 650 | 0 | |a Familias |9 255641 | |
| 650 | 0 | |a Derecho de familia |9 255603 | |
| 650 | 0 | |a Derecho sucesorio |9 255015 | |
| 651 | 0 | |a España |9 254926 | |
| 583 | |a last modification |c 20021108 00:00:00 |k Rodrigo Vera | ||
| 999 | |c 301739 |d 301737 | ||
| 952 | |0 0 |1 0 |4 0 |6 346_460000000000000_ALB_1976 |7 0 |8 A |9 361290 |a BIBDER |b BIBDER |d 2019-11-21 |i 3847195 |o 346.46 ALB 1976 |p 3847195 |r 2023-01-25 |w 2019-11-21 |y BK |k DER | ||